000 01469nam0a2200325 4500
001 RU\NLR\bibl\1247679
005 20260607073810.0
010 _a978-5-358-04378-7
_975000
021 _aRU
_b2008-35187
_91936
035 _a(NLR Aleph) 001233818
090 _a215315
_c215315
100 _a20080701d2008 |||y0rusy50 ca
101 0 _arus
102 _aRU
105 _aa |||||||||
200 1 _aРусский язык
_eпрактика
_e5 класс
_eучебник для общеобразовательных учреждений
_f[А.Ю. Купалова, А.П. Еремеева, Г.К. Лидман-Орлова и др.]
_gпод ред. д.п.н., проф. А.Ю. Купаловой
205 _a14-е изд., стер.
210 _aМосква
_cДрофа
_d2008
215 _a270, [1] с.
_cил.
_d23
300 _aАвт. указаны на обороте тит.л.
606 1 _aРусский язык
_jУчебники для средней школы
_91533567
_3RU\NLR\auth\66969347
686 _aШ141.12-922.1[5]
701 1 _aКупалова
_bА. Ю.
_gАлександра Юльевна
_4070
701 1 _aЕремеева
_bА. П.
_gАнгелина Павловна
_4070
701 1 _4070
_7ca
_8rus
_aЛидман-Орлова
_bГ. К.
_gГалина Кузьминична
_9117705
_3RU\NLR\auth\777774
801 0 _aRU
_bNLR
_c20080701
_gRCR
801 1 _aRU
_bNLR
_c20080701
942 _cBOOK
980 _aNB